00000000nam 2200000zi 4500
0019.950107
003CaOODSP
00520250707134959
006m     o  d f      
007cr |n|||||||||
008250414t20092009onca    ob   f001 0 eng d
020 |z 9781100124391
040 |aCaOODSP|beng|erda|cCaOODSP
043 |an-cn---
0861 |aA104-77/2009E-PDF|zA104-77/2009E
1001 |aGrimm, F. Wayne, |eauthor.
24510|aIdentifying land snails and slugs in Canada : |bintroduced species and native genera / |cby F. Wayne Grimm, Robert G. Forsyth, Frederick W. Schueler, and Aleta Karstad.
264 1|aOttawa, ON : |bCanadian Food Inspection Agency = Agence canadienne d'inspection des alimentes, |c[2009]
264 4|c©2009
300 |a1 online resource (iv, 168 pages) : |billustrations (some color)
336 |atext|btxt|2rdacontent
337 |acomputer|bc|2rdamedia
338 |aonline resource|bcr|2rdacarrier
500 |aIssued also in French under title: Identification des escargots et des limaces terrestres au Canada : espèces introduites et genres indigènes.
504 |aIncludes bibliographical references (pages 147-157) and index.
650 0|aSnails|zCanada|xClassification.
650 0|aSlugs (Mollusks)|zCanada|xClassification.
7102 |aCanadian Food Inspection Agency, |eissuing body.
77508|tIdentification des escargots et des limaces terrestres au Canada :|w(CaOODSP)9.952942
7760#|tIdentifying land snails and slugs in Canada : |w(CaOODSP)9.651563
85640|qPDF|s3961 KB|uhttps://publications.gc.ca/collections/collection_2025/acia-cfia/A104-77-2009-eng.pdf